Jamle /

Guardado en:
Autor Principal: Falconi, María Inés.
Formato: Libro
Idioma:Undetermined
Publicado: Buenos Aires : Quipu, 2021.
Series:Teatro sin telones
Materias:
Etiquetas: Agregar Etiqueta
Sin Etiquetas, Sea el primero en etiquetar este registro!
LEADER 01066nam a22003015a 4500
001 CEM.cems018974
008 211021s2021####ag############000#0#und#d
005 20251125170828.0
245 1 0 |a Jamle /  |c María Inés Falconi. 
260 |a Buenos Aires :  |b Quipu,  |c 2021. 
300 |a 128 p. 
490 1 |a Teatro sin telones 
500 |a Edición para Ministerio de Educación de la Nación Argentina. 
500 |a Ilustrado por Jorge Osvaldo Herrero. 
500 |a Versión libre gauchesca del clásico de William Shakespeare. 
020 |a 9789875044616 
100 1 |a Falconi, María Inés. 
653 |a Literatura 
653 |a Literatura Argentina 
653 |a Literatura Juvenil 
653 |a Teatro 
653 |a Teatro Juvenil 
653 |a Teatro Argentino 
653 |a Literatura Infantil 
653 |a Colección Leer Abre Mundos 
859 |a CEMS  |b BIB. CEMS - Agricultura  |h A862.4  |i F181  |p A3348.21  |t Ej.1 
859 |a CEMS  |b BIB. CEMS - 11 de abril  |h A862.4  |i F183-2  |p 29267.21  |t Ej. 1 
859 |a CEMS  |b BIB. CEMS - 11 de abril  |h A862.4  |i F183-2  |p 29165.21  |t Ej. 2